Elemental, Watson /

Guardado en:
Autor Principal: Doyle, Arthur Conan.
Otros Autores: Joubert, Valeria; trad., Guido, Horacio; trad.
Formato: Libro
Idioma:Undetermined
Publicado: Buenos Aires : Cantaro, 2000.
Series:Colección del Mirador
Materias:
Etiquetas: Agregar Etiqueta
Sin Etiquetas, Sea el primero en etiquetar este registro!
LEADER 01603nam a22002415a 4500
001 CEM.cems024337
008 241007s2000####ag############000#0#und#d
005 20241007180011.0
245 1 0 |a Elemental, Watson /  |c Arthur Conan Doyle. 
260 |a Buenos Aires :  |b Cantaro,  |c 2000. 
300 |a 128 p. 
490 1 |a Colección del Mirador 
500 |a Incluye actividades. 
505 0 |a LITERATURA PARA UNA NUEVA ESCUELA -- PUERTAS DE ACCESO -- Tras las huellas del policial -- Un crimen y tres personajes -- A mi juego me llamaron -- La venganza de Sherlock Holmes -- Un personaje de ficción, considerado real -- Las descripciones -- Elemental, Watson -- De la medicina a la investigación criminal -- ELEMENTAL, WATSON -- La aventura del carbunclo azul -- Las cinco semillas de naranja -- La aventura de los tres estudiantes -- MANOS A LA OBRA -- Relatos de crímenes -- El narrador de las aventuras -- A interpretar indicios -- Las reglas de oro del policial -- Las metáforas -- Caras que hablan -- El detective maestro -- El punto de vista cambia la historia -- Historias azarosas -- Criptograma -- La carta delatora -- El misterio del cuarto cerrado -- Un asesino suelto en la ciudad -- CUARTO DE HERRAMIENTAS -- El autor -- Documentos e imágenes -- Bibliografía 
020 |a 9507530746 
100 1 |a Doyle, Arthur Conan. 
700 1 |a Joubert, Valeria; trad. 
700 1 |a Guido, Horacio; trad. 
653 |a Cuento policial 
653 |a Literatura inglesa 
653 |a Literatura policial 
653 |a Narrativa inglesa 
859 |a CEMS  |b BIB. CEMS - Inicial y Primaria  |h 823.9  |i D772-2  |k IP  |p 3755  |t Ej.1